Fundamentals of investments /
محفوظ في:
| المؤلف الرئيسي: | |
|---|---|
| مؤلفون آخرون: | , |
| التنسيق: | كتاب |
| منشور في: |
Upper Saddle River, NJ :
Prentice Hall,
c2001.
|
| الطبعة: | 3rd ed. |
| سلاسل: | Prentice Hall finance series
|
| الموضوعات: | |
| الوسوم: |
إضافة وسم
لا توجد وسوم, كن أول من يضع وسما على هذه التسجيلة!
|
MARC
| LEADER | 00000cam a22000004a 4500 | ||
|---|---|---|---|
| 020 | |a 0132926172 |c TZS 15316.26 | ||
| 040 | |a MUL |b eng |e AACR | ||
| 082 | 0 | 0 | |a 332.6 ALE |
| 100 | 1 | |a Alexander, Gordon J., | |
| 245 | 1 | 0 | |a Fundamentals of investments / |c Gordon J. Alexander, William F. Sharpe, Jeffery V. Bailey. |
| 250 | |a 3rd ed. | ||
| 260 | |a Upper Saddle River, NJ : |b Prentice Hall, |c c2001. | ||
| 300 | |a xxxi, 781 p. : |b ill. ; |c 26 cm. | ||
| 440 | 0 | |a Prentice Hall finance series | |
| 504 | |a Includes bibliographical references (p. 715-757) and index. | ||
| 650 | 0 | |a Investments. | |
| 700 | 1 | |a Sharpe, William F. | |
| 700 | 1 | |a Bailey, Jeffery V. | |
| 942 | |c BK | ||
| 999 | |c 8269 |d 8269 | ||